[Event "Norway Chess 2025"]
[Site "Chess.com"]
[Date "2025.06.01"]
[Round "6"]
[White "Gukesh D"]
[Black "Carlsen, Magnus"]
[Result "1-0"]
[WhiteElo "2787"]
[BlackElo "2837"]
[Annotator "Rafael Leitao"]
[PlyCount "123"]
[EventDate "2025.??.??"]
[TimeControl "40/7200:0"]

1. e4 e5 2. Nf3 Nc6 3. Bb5 Nf6 {After having trouble with the classical Ruy Lopez and 4...a6 in his previous game against Caruana, Carlsen decides to play the Berlin. He often alternates between these two options as his main weapon with Black against the king's pawn.} 4. d3 Bc5 5. c3 O-O 6. O-O (6. Bxc6 $6 {White shouldn't attempt to capture the e5-pawn. After} bxc6 7. Nxe5 d5 {Black has the initiative.}) 6... d6 7. h3 a6 8. Ba4 (8. Bxc6 {changes the character of the game and is an important alternative.} bxc6 9. d4 {Slower play with 9.Nbd2 or 9.Re1 is also possible.} Bb6 (9... exd4 $6 {The early exchange gives the white knight a comfortable square on c3.} 10. cxd4 Bb6 11. Nc3) 10. Re1 (10. dxe5 {is worse, since Black is better after} Nxe4) 10... Re8 {with chances for both sides.}) 8... h6 {The always useful prophylactic move, preventing the pin with Bg5.} (8... Ba7 {is another classical always useful move in the Spanish and Italian openings and is usually played here.}) 9. Re1 b5 10. Bc2 Bb6 11. Nbd2 {A typical Ruy Lopez position with the bishop on b6 instead of e7, resembling the Arkhangelsk Variation.} Ne7 {The well-known knight maneuver to g6.} (11... Be6) (11... Re8) 12. a4 Rb8 (12... Bb7 {is the alternative.}) 13. d4 Ng6 14. Nf1 (14. a5 $1 {White should consider playing this move, since it won't be possible to play it after c7-c5.} Ba7 15. Nf1 c5 16. Ng3 {White will continue with Be3 and is fighting for the initiative.}) 14... c5 15. Ng3 cxd4 {The first new move of the game.} (15... Qc7 {was played in Friedrich-Schmider, Munich Laimer op 2023.}) 16. cxd4 bxa4 17. Bxa4 {White has a few options:} (17. Nf5 $6 {is premature, since Black can reply} d5 $1) (17. Be3 {is possible. At first I thought this was bad due to} Ba5 {and the b2-pawn can be captured, but this isn't clear. After} 18. Rf1 Rxb2 19. Qc1 $1 {White has the tactical idea of sacrificing the bishop on h6.}) (17. Rxa4 {is a solid move, keeping the game more or less equal.}) 17... Bb7 18. d5 a5 19. Be3 Bc8 $1 {Even without White making a clear mistake, the position is already preferable for Black. From here on, things will quickly get worse for Gukesh. The idea of the move played is to improve the bishop and also the rook on b8.} 20. b3 (20. Nd2 {seems to be better.}) 20... Bxe3 21. Rxe3 Nf4 {Black has firm control of the dark squares and attacking chances on the kingside, with the bishop sac on h3 hanging in the air.} 22. Bc6 Rb4 {There are already many tempting moves.} (22... Bxh3 {is possible, but it's unnecessary to go for such complications when you have a clear positional advantage.} 23. gxh3 Nxh3+ 24. Kg2 Ng4 $1 25. Rc3 {with good chances for Black, but the position has become sharp.}) (22... h5 $5 {is suggested by the machine as a good alternative. This is a thematic move to improve the pawn structure on the kingside with h5-h4.}) 23. Qc2 $6 (23. Nd2 {is better. Let's follow a variation that, though not forced, is quite interesting and logical:} Ba6 24. Qc2 h5 $1 25. Qa2 {White goes after the a5-pawn.} h4 26. Qxa5 hxg3 27. Qxd8 (27. fxg3 {is bad:} Ne2+ 28. Kf2 Rb6 $1 {defending the bishop.}) 27... gxf2+ 28. Kxf2 Rxd8 29. Rxa6 Rd4 30. Ra2 Nd3+ 31. Kf3 Nb4 32. Rb2 {Black has excellent compensation for the pawn, but it's unclear whether this will be enough to push for a win.}) 23... g6 $1 {This seemingly harmless move is actually very deep. Apart from giving air to the king and extra support for h6-h5, Carlsen takes the f5-square from White's knight. This is useful in preparation for the bishop sac on h3, followed by Qc8.} 24. Kh1 {This mysterious move is intended to guard against the sac on h3, giving the knight a square to return to g1 if necessary.} (24. Ne2 {can be met by} Bxh3 (24... g5 {is also very good.}) 25. gxh3 $6 Nxh3+ 26. Kg2 Nxf2 {with a strong initiative for Black.}) (24. Qa2 {White is not in time to attack the pawn on a5, since now Black can play the standard} Bxh3 $1 25. gxh3 Qc8 {with a winning attack.}) 24... Ba6 {The bishop goes to another very useful diagonal.} 25. Qa2 Bd3 $1 26. Nd2 {Protecting e4 and b3.} h5 $1 {Preparing to drive the knight from g3 and destroy White's position. Black has achieved a winning advantage.} 27. Qxa5 Qxa5 28. Rxa5 h4 29. Ra4 $5 {An interesting attempt to offer resistance, using the idea that the capture on g3 isn't yet winning since the bishop on d3 will be hanging.} (29. Ngf1 {Here Black can win in many ways. One of them is} Bxf1 30. Nxf1 Nxe4) 29... Rfb8 $1 {White is nearly in zugzwang: his pieces can't go anywhere.} 30. Ra2 (30. Rxb4 Rxb4 {and White has nothing to do.}) (30. Ngf1 Bxf1 31. Nxf1 Rxb3 32. Rxb3 Rxb3 {despite the few pieces left, White is dead lost.}) 30... Kg7 {A remarkably calm move.} (30... hxg3 {is winning on the spot.} 31. fxg3 Ne2 $1 32. Rxd3 Nc1 33. Rf3 {Maybe Carlsen played the king to g7 in order to protect the knight on this line.} Nxa2 34. Rxf6 Nc3 35. Rxd6 Rd4 36. Nf3 Nxe4 {with an easy win.}) 31. Ra7 Rd4 {The bishop on d3 is protected, and Black is definitely threatening to capture the knight now.} 32. Nf3 (32. Ngf1 Bxf1 33. Nxf1 Nxe4 {offers little hope for White. The pawns on b3 and d5 will likely fall in the next moves.}) 32... hxg3 33. fxg3 Nxh3 (33... Bxe4 $1 {is a cleaner win with a beautiful idea.} 34. gxf4 (34. Nxd4 exd4 35. Rxe4 Nxe4 36. gxf4 d3 {The d-pawn decides the game.}) 34... Rd1+ 35. Kh2 (35. Re1 Bxf3 {loses a piece.}) (35. Ne1 exf4 36. Re2 f3 $1) 35... exf4 36. Rc3 Ng4+ $1 {This hurts.} 37. hxg4 Rh8+ 38. Nh4 Rxh4+ 39. Rh3 Rxh3+ 40. gxh3 Rh1#) 34. gxh3 (34. Nxd4 exd4 35. Rxd3 Nf2+ {Knights are tricky pieces.}) 34... Bxe4 35. Kh2 {In the next few moves, Carlsen will continue to have many opportunities to win the game directly: the computer here gives him a five-point advantage. Although this game will be remembered for the dramatic blunder at the end, it's important to point out that for me a miscalculation that loses the game isn't the strangest thing, but rather the fact that a player who never gives his opponent a chance has, for some reason, let his opponent survive in this position.} Rd1 (35... Bxf3 36. Rxf3 e4 {wins right away:} 37. Re3 Rd3 38. Rxd3 exd3 39. Ra2 Ne4 {The d-pawn rushes for glory.}) 36. g4 Bxd5 (36... Bxf3 37. Rxf3 {is winning again, similar to the move before.} e4) (36... Rh8 {is also very convincing:} 37. Kg3 Bxd5 ({or} 37... Bxf3 38. Rxf3 Ne4+ 39. Kg2 Rd2+ 40. Kf1 Ng5 {with an easy win.}) 38. Bxd5 Nxd5 {White is a pawn down and under attack.}) 37. Bxd5 Nxd5 38. Re2 Nf4 (38... Nc3 39. Rc2 Nb5 {This is winning for Black without much trouble, for instance:} 40. Rd7 Kf6 $1 {followed by Ke6.}) (38... Rxb3 {is also possible:} 39. Ng5 Rf1 {and Black should also win.}) 39. Rc2 Kf6 {Again there are good alternatives:} (39... Rxb3 40. Ng5 Rdd3 $1 41. Rxf7+ Kh6 42. h4 Rh3+ 43. Nxh3 Rxh3+ 44. Kg1 Rxh4 {Black has three pawns for the exchange.}) (39... Ne6 {is also winning.}) 40. h4 Ke6 {The king marches to the middle of the board.} 41. Ng5+ Kd5 42. Ra5+ Kd4 43. Ra4+ (43. Nxf7 {Black is able to start an attack:} Rxb3 44. Ng5 Rbb1) 43... Kd3 44. Rf2 f6 $2 {This move makes the win problematic.} (44... Rh8 $1 {is the simpler way to win.}) 45. Rf3+ Ke2 46. Ra2+ (46. Re4+ {is also possible, with an idea so pretty it resembles a composition:} Kd2 47. Ra4 $3 {The point is that if Black captures the knight, then White finds a surprising draw after} fxg5 $2 48. Ra2+ Kc1 49. Rff2 $1 Rxb3 50. Ra1+ Rb1 51. Raa2 {Black is unable to escape perpetual check. An amazing variation.}) 46... Rd2 47. Rxd2+ Kxd2 48. Ne4+ Ke2 49. Kg3 {Maybe Black can still win this position, but it's not clear at all. I couldn't find anything convincing.} d5 50. Nxf6 Rf8 51. Rf2+ Ke1 52. Nd7 (52. g5 {is also possible, and it seems to lead to a draw as well.}) 52... Ne2+ $4 {The blunder everybody will be talking about for a long time. I just want to make it clear that Black wasn't winning anymore.} (52... Re8 {White can make a draw in more than one way.} 53. Nxe5 (53. Rxf4 {is also good:} exf4+ 54. Kxf4 d4 55. Nc5 $1 Ke2 56. h5 gxh5 57. gxh5 d3 58. Nxd3 Kxd3 59. h6 {and so on.}) 53... Ne2+ 54. Rxe2+ Kxe2 55. Kf4 d4 (55... g5+ 56. hxg5 Rf8+ 57. Kg3 {This looks clever for Black, but it's a draw anyway.}) 56. Nc4 $1 {The only move.} (56. h5 $2 gxh5 57. gxh5 Rxe5 58. Kxe5 d3 59. h6 d2 60. h7 d1=Q 61. h8=Q Qa1+ {winning the queen.}) 56... d3 57. h5 gxh5 58. gxh5 d2 59. Nxd2 Kxd2 60. h6 {and a draw.}) 53. Rxe2+ Kxe2 54. Nxf8 d4 55. Ne6 d3 56. Nc5 {As I wrote before in this game and many more times before, knights are tricky pieces. It can confuse even the best of the best.} (56. Ng5 {also wins.}) 56... Ke3 (56... d2 57. Ne4 d1=Q 58. Nc3+ {This is an old method for a knight dealing with a passed pawn.}) 57. Na4 $1 e4 58. h5 gxh5 59. gxh5 Kd2 60. Nb2 e3 (60... Kc2 {also loses:} 61. Nc4 d2 62. Ne3+) 61. Nc4+ Ke2 62. Kf4 {The e3-pawn falls. Gukesh's first-ever win against Carlsen in a classical game probably wasn't as he expected, but I guess he will take it anyway.} 1-0

[Event "Norway Chess 9th"]
[Site "Stavanger"]
[Date "2021.09.16"]
[Round "9"]
[White "Carlsen, Magnus"]
[Black "Karjakin, Sergey"]
[Result "1-0"]
[WhiteElo "2855"]
[BlackElo "2758"]
[Annotator "Nielsen,Peter Heine"]
[PlyCount "105"]
[EventDate "2021.09.07"]
[EventType "tourn"]
[EventRounds "10"]
[EventCountry "NOR"]
[EventCategory "21"]
[SourceTitle "CBM 204"]
[Source "ChessBase"]
[SourceDate "2021.10.31"]
[SourceVersion "1"]
[SourceVersionDate "2021.10.31"]
[SourceQuality "1"]

{[%evp 0,105,16,26,53,50,42,-17,38,-20,31,-29,-15,-44,35,13,40,25,59,43,52,51,49,29,60,32,34,-5,8,8,-1,-5,-5,17,29,-9,11,-44,-3,-23,-28,-31,-1,-12,-17,-38,-26,-34,-19,-21,9,-93,-21,-106,-28,-39,-26,-24,-2,-30,19,9,40,82,135,176,214,208,147,188,221,105,140,126,207,105,110,125,178,175,186,65,114,97,81,81,81,81,86,74,145,134,138,151,156,144,202,204,204,226,226,226,226,160,244,237,303,310]} 1. e4 e5 2. Nf3 Nc6 3. Bb5 Nf6 4. d3 Bc5 5. Bxc6 dxc6 6. O-O Nd7 7. c3 h6 8. Nbd2 O-O 9. Nc4 Re8 10. b4 Bd6 11. Be3 Nf8 12. Nfd2 Ng6 13. Nxd6 cxd6 14. a4 d5 15. Nb3 b6 16. a5 Rb8 17. Qc2 Be6 18. Rfb1 Re7 19. c4 d4 20. Bd2 f5 21. axb6 axb6 22. f3 Rf7 23. Rf1 Kh7 24. exf5 Bxf5 25. Be1 Qg5 26. Rd1 h5 27. Bd2 Qh4 28. Rde1 Ra8 29. Ra1 Raf8 30. Ra6 {It is a commonly used trick by seconds for upcoming World Championship matches to refuse to say anything about the opening moves claiming the need for secrecy and not revealing any secrets. Using that privilege to skip the first 30 moves is indeed taking it too far, but the only thing to report til now is that Karjakin has a strategically winning position and that after e.g the retreat 30...Qd8!? the Norwegian computer "Sesse" always following Magnus games, gave as much as +3(!) for Black. But simply ...h4-h3 next would undermine White's defences and win trivially. But having already beaten Magnus once during this event, Karjakin thought why not make it 2-0 and in style?} e4 $6 {Magnus won 4 games in a row at Stavanger, and while in other sports or even in earlier stages of chess history that would not be seen as something special, in modern top-level tournaments it certainly is. Streaks requires a mixture of luck and skill, and as Larsen once pointed out, it is easier to win a bad position than a completely equal one.} (30... Qd8 $5) 31. Nxd4 $1 {Taking his chance ( and a pawn!) immediately, but Karjakin obviously was expecting that and has a cunning plan up his sleeve:} exf3 32. Nxf3 Bh3 $5 {One can understand Karjakins attraction to this move. Not only is it beautiful, but also logical. White has a stranded rook on the queenside, while all black pieces join the attack on the white king. It would not be unreasonable if Black was just winning, but Magnus has a resource:} 33. Rf2 $1 {Absolutely neccesary amd modest-looking, but excactly enough fence off the black attack! 33...Bxg2 perhaps was what Karjakin intended, hoping for 34 Nxh4 Rxf2 but 35 Ng5+! turns the tables, as in this version of Black sacrificing his queen, after 35...Qxg5 36 Bxg5 Rxf2 suddenly 37 Qxf2 has become available. The computer suggests the calm 33...Kg8!? with an ultimately balanced position, but Karjakins ove also is not bad:} Rxf3 (33... Bxg2 34. Ng5+ $1 (34. Nxh4 Rxf2) 34... Qxg5 35. Bxg5 Rxf2 36. Qxf2 $1) (33... Kg8 $5) 34. gxf3 Rf5 $2 {But here however he falters.} (34... Bg4 $5 {was the logical way continuing to attack with maximum energy, when after} 35. f4 Ne5 $1 {Black once again exploits that White can not take the offered piece. Surprisingly White would still be able to defend, as both} 36. Bc3 {and 36.Be3 keeps him in the game most likely to end in a draw by perpetual check}) 35. d4 $1 {Materially White is ahead plenty, so more importantly this opens the diagonal of the white queen towards the king on h7, as well as the 3-rank where the rook via a3 can join the defence.} Qxd4 36. Ra3 {36.f4! would have been more precise, as now 36...Re5!? becomes an extra option.} (36. f4 $1) 36... Rf7 (36... Re5 $5) 37. Re3 Bf5 38. Qc3 Qd8 39. Re1 $6 {"Sesse" gave 39 f4! as the winning move, but from a human perspective once can understand the logic behind leaving the the pawn on f3 giving the king somewhat more protection, as well as preparing the following manouver. And wile tactically flawed, it does win the game!} (39. f4 $1) 39... Rd7 40. Qe3 Rd4 $2 {When Karjakin played his 30th move, he had considerably more time left on is clock than Magnus, but in the ensuing complications he caught up and being short on time blunders the game with his last move before the time-control. 40...Re7! was possible as 41 Qg5?? then loses to 41... Rxe1+ as 42 Bxe1 leaves the queen unprotected on g5. Thus 41 Qc3 would be neccesary but after 41...Rd7 white would according to the computers not have better than a repetition draw after 42 Qe3.} (40... Re7 41. Qc3 (41. Qg5 $4 Rxe1+ 42. Bxe1 Qxg5+) 41... Rd7 42. Qe3) 41. Qg5 {Now, however, White just wins trivially. There thraet of exchanging queens as well as h5 and f5 hanging, is more than the black position can handle.} Qxg5+ 42. Bxg5 Rxc4 43. Rb2 $1 {Perhaps looking passive, but defending the b-pawn was neccesary. And as Larsen said: while opposite colored bishop endings often are drawn, when they are winning, the often win easily! And this is the case here indeed: White will rearrange to attack g7, and Black's bishop being of the opposite colour, means there just is no way to defend.} b5 44. Kf2 c5 45. bxc5 Rxc5 46. Rc1 Rd5 47. Rd2 Rxd2+ 48. Bxd2 Ne5 49. Rc7 b4 $5 {Trying to confuse the issue as else Bc3 next wins trivially.} 50. Rb7 Be6 51. Re7 $1 Nd3+ 52. Ke3 Bc4 53. Kd4 {But as 53... Bb5 54 Rb7 Ba6 55 Rb6 wins a piece and 53....Nb2 54 Bxb4 is hopeless, Karjakin resigned.} (53. Kd4 Bb5 (53... Nb2 54. Bxb4) 54. Rb7 Ba6 55. Rb6) 1-0

[Event "GCT Warsaw 2024"]
[Site "Warsaw, Poland"]
[Date "2024.05.11"]
[Round "17.5"]
[White "Carlsen, Magnus"]
[Black "Giri, Anish"]
[Result "1-0"]
[WhiteElo "2828"]
[BlackElo "2687"]
[PlyCount "89"]
[EventDate "2024.??.??"]

1. e4 e5 2. Nf3 Nc6 3. Bb5 Nf6 4. d3 Bc5 5. c3 O-O 6. O-O d5 7. Nbd2 dxe4 8. dxe4 a5 9. Qc2 ({RR} 9. h3 Qe7 10. Qe2 Nh5 11. Nb3 Ng3 12. Qc4 Bb6 13. Bg5 Qe6 14. Qxe6 Bxe6 15. Rfe1 a4 16. Nbd2 f6 17. Be3 Bxe3 18. fxe3 g6 19. Kf2 Nh5 20. Bc4 Ng7 21. b3 Bxc4 22. Nxc4 Ne6 23. b4 Na7 {Korobov,A (2689)-Vidit,S (2629) http://www.chessbomb.com 2021 0-1 (47)}) 9... Qe7 10. a4 Nb8 11. h3 $146 ({RR} 11. Be2 Nbd7 12. Nc4 Nb6 13. Ncxe5 Bd6 14. Nc4 Nxc4 15. Bxc4 Qxe4 16. Qxe4 Nxe4 17. Be3 Bd7 18. Rfd1 Rfd8 19. Bd5 Nf6 20. Bc4 Ne4 21. Bd5 Nf6 22. Bc4 Ne4 {½-½ (22) David,A (2563)-Balogh,C (2628) Brest FRA 2018}) 11... h6 12. Re1 Rd8 13. Bf1 Nbd7 14. Nc4 b6 15. Rb1 Bb7 16. Bd2 Qe6 17. b4 axb4 18. cxb4 Bd4 19. a5 Rdc8 20. Nxd4 exd4 21. f3 Nh5 22. Qd3 Ng3 23. Qxd4 Nxf1 24. Rxf1 c5 25. bxc5 bxc5 26. Qc3 Ba6 27. Rfc1 Bxc4 28. Qxc4 Qxc4 29. Rxc4 Ne5 30. Ra4 Ra6 31. Bc3 Nd3 32. Rc4 Nf4 33. Kf2 Ne6 34. Ke3 g5 35. g3 Rca8 36. f4 Rc6 37. f5 Nc7 38. Rb6 Ra6 39. Rxa6 Nxa6 40. e5 Rc8 41. Ra4 Rd8 42. Ra2 Nb4 43. Rd2 Ra8 44. Rd6 Rxa5 45. Rd8+ 1-0

[Event "Division I"]
[Site "Chess.com"]
[Date "2024.05.15"]
[Round "4.1"]
[White "Carlsen, Magnus"]
[Black "Firouzja, Alireza"]
[Result "1/2-1/2"]
[WhiteElo "2895"]
[BlackElo "2861"]
[Annotator "Stockfish 16.1"]
[PlyCount "71"]
[EventDate "2024.??.??"]
[WhiteTeam "NOR"]
[BlackTeam "FRA"]
[WhiteClock "0:01:46"]
[BlackClock "0:00:50"]

{[%evp 16,71,25,24,32,-8,29,25,27,18,27,15,32,17,21,9,8,12,54,49,41,0,-4,0,-3,-2,-3,-33,-49,-27,-12,-17,-34,-55,-53,-89,-81,-94,-82,-92,-22,-19,-26,-29,-27,-25,-19,-25,0,0,-9,-6,-7,-9,0,-1,0,-12]} 1. e4 e5 2. Nf3 Nc6 3. Bb5 a6 4. Ba4 Nf6 5. d3 d6 6. c3 g6 7. O-O Bg7 8. Re1 O-O 9. h3 h6 10. Be3 Re8 11. Nbd2 d5 {White has an edge.} 12. Bxc6 bxc6 13. d4 dxe4 14. Nxe5 c5 15. Nb3 cxd4 16. cxd4 Bb7 17. Qd2 Bd5 18. Bxh6 (18. Rac1 {is interesting.} g5 19. h4 Nh7 20. hxg5 hxg5 21. Qa5) 18... Bxh6 19. Qxh6 Bxb3 $1 20. axb3 {Threatens to win with Rac1.} Qxd4 21. Nxg6 fxg6 22. Qxg6+ Kh8 23. Red1 Qb6 $1 24. Ra5 Nh7 ({Inferior is} 24... Qxa5 25. Qxf6+ Kg8 26. Rd7 Qa1+ 27. Kh2 Re7 28. Rxe7 Qg1+ 29. Kxg1 Rf8 30. Qg7#) 25. Qh5 {[#] Threatening mate with Rd7.} e3 26. fxe3 Qxe3+ 27. Kh1 Rad8 28. Rxd8 Rxd8 29. Rxa6 Qc1+ {[%mdl 64] [#] Double Attack} 30. Kh2 Qf4+ 31. Kg1 Rg8 {aiming for ...Qe3+.} 32. Qe2 {The position is equal.} Qc1+ 33. Kh2 {White threatens Qe5+ and mate.} Qf4+ 34. Kg1 Qc1+ 35. Kh2 {White wants to mate with Qe5+.} Qf4+ 36. Kg1 {Accuracy: White = 76%, Black = 75%.} 1/2-1/2